000 00490cam a2200205 4500
001 B1894
008 090401t1971 xxu||||| |||| 00| 0 eng d
035 _a(Sirsi) u46926
041 _aeng
050 _a333.3234
110 _aEngland and Wales
_bLaw Commission
_93302
245 _aAppurtenant rights
260 _aLondon
_bLaw Commission
_c1971
300 _aiii,141p. ; 21cm.
350 _a0
490 _aWorking Paper
_v36
650 _aLAND
942 _n0
948 _c04/03/1997
999 _c92044
_d92044